| 000 | 01251nam2a22002291 4500 | ||
|---|---|---|---|
| 001 | rc\794043 | ||
| 005 | 20250621233242.0 | ||
| 035 | _a(NLR Aleph) 005977828 | ||
| 090 |
_a6997058 _c6997058 |
||
| 100 | _a20040301d1983 |||y0rusy50 ca | ||
| 101 | 0 | _arus | |
| 102 | _aRU | ||
| 105 | _ay ||||||||| | ||
| 200 | 0 |
_a... за 1981 год _f[Сост. Симаворян С.С., Симонян Э.З., Тер-Казарьян С.Ш.] |
|
| 210 |
_d1983 _aБ. м. |
||
| 215 | _a58 с. | ||
| 461 | 0 |
_1001rc\1188810 _12001#$aБиблиографический указатель публикаций сотрудников Ереванского зооветеринарного института$fМ-во сел. хоз-ва СССР... Науч. б-ка$v... за 1981 год _96958475 _aЕреванский зооветеринарный институт _cЕреван _d1983 _fМ-во сел. хоз-ва СССР... Науч. б-ка _nБ. и. _tБиблиографический указатель публикаций сотрудников Ереванского зооветеринарного института _v... за 1981 год |
|
| 801 | 0 |
_aRU _bNLR _gpsbo |
|
| 801 | 1 |
_aRU _bELAR _2rusmarc |
|
| 852 |
_aNLR _bС _jК-2/2292 |
||
| 942 | _cBOOK | ||
| 980 | _aNB | ||